000
00332 a2200109 4500
001
ART_39585
005
20260410162012.0
008
260409a
245
1
0
_a
Simon (1955)
100
1
_a
Weisman, Diego
773
0
_t
Documentos del CIECE
_g
Ensayos sobre racionalidad en economía - Nº 4 (ene./jun. 2008)
_w
REV39541
999
_c
32285
_d
32285